Economic problems in Indian agriculture (Record no. 1437906)
[ view plain ]
| 000 -LEADER | |
|---|---|
| fixed length control field | 00512nam a2200181Ia 4500 |
| 005 - DATE AND TIME OF LATEST TRANSACTION | |
| control field | 20250923144348.0 |
| 008 - FIXED-LENGTH DATA ELEMENTS--GENERAL INFORMATION | |
| fixed length control field | 008 250917s9999 xx 000 0 eng d |
| 037 ## - SOURCE OF ACQUISITION | |
| Stock number | Textual |
| 040 ## - CATALOGING SOURCE | |
| Original cataloging agency | DSWL |
| Language of cataloging | eng |
| Transcribing agency | DSWL |
| 041 ## - LANGUAGE CODE | |
| Language code of text/sound track or separate title | eng |
| Source of code | eng |
| 084 ## - COLON CLASSIFICATION NUMBER | |
| Classification number | X9J::2:N5, J0 |
| Assigning agency | DSWL |
| 100 ## - MAIN ENTRY--PERSONAL NAME | |
| Personal name | Chand, Mahesh |
| 9 (RLIN) | 824099 |
| 245 #0 - TITLE STATEMENT | |
| Title | Economic problems in Indian agriculture |
| Statement of responsibility, etc. | by Mahesh Chand |
| 260 ## - PUBLICATION, DISTRIBUTION, ETC. | |
| Place of publication, distribution, etc. | Bombay |
| 300 ## - PHYSICAL DESCRIPTION | |
| Extent | 271 p. |
| 942 ## - ADDED ENTRY ELEMENTS (KOHA) | |
| Koha item type | Textual |
| Classification part | X9J::2:N5, J0 |
| Withdrawn status | Lost status | Damaged status | Not for loan | Home library | Current library | Date acquired | Total Checkouts | Full call number | Barcode | Date last seen | Price effective from | Koha item type |
|---|---|---|---|---|---|---|---|---|---|---|---|---|
| Department of Social Work Library | Department of Social Work Library | 2025-09-23 | X9J::2:N5, J0 | SW0001815 | 2025-09-23 | 2025-09-23 | Textual |
